| 000 | 00554nam a2200229Ia 4500 | ||
|---|---|---|---|
| 003 | OSt | ||
| 005 | 20221007082423.0 | ||
| 006 | a|||||r|||| 00| 0 | ||
| 007 | ta | ||
| 008 | 221006b |||||||| |||| 00| 0 eng d | ||
| 024 | _a7,769 | ||
| 037 | _cTextual | ||
| 040 |
_aFLL _cFLL _beng |
||
| 041 |
_2eng _aeng |
||
| 082 | _aZq7:9I, K1 | ||
| 100 |
_aMahmassani _9699076 |
||
| 245 | 0 | _aFalsafat al-tashri fi-al-Islam | |
| 260 | _c1961 | ||
| 300 |
_a217p _ccm. |
||
| 942 |
_hZq7:9I, K1 _cTEXL _2CC |
||
| 999 |
_c1166360 _d1166360 |
||